000 00767nam a2200253Ia 4500
003 OSt
005 20220928125136.0
006 a|||||r|||| 00| 0
007 ta
008 220927b |||||||| |||| 00| 0 eng d
020 _c350
024 _a109069
037 _b3083, 01/09/2010, New India Book Agency
_cTextual
040 _aSDCL
_cSDCL
_beng
041 _2eng
_aeng
082 _aB, P9
100 _aShirali Shailesh A
_9468097
245 0 _aGateway to modern mathematics
_b Adventures in iteration II.Vol 2.
260 _aHyderabad
_bUniversities Press
_c2009
300 _axvii,242p.
_ccm.
650 _aMathematics
942 _hB, P9
_cTEXL
_2CC
999 _c780981
_d780981